| 000 | 00473pam a2200169 a 4500 | ||
|---|---|---|---|
| 020 | _cPAPER BACK | ||
| 041 | _h | ||
| 082 | _bFOW/SCO | ||
| 100 | _aFOWLER M. AND SCOTT K. | ||
| 245 |
_aUML DISTILLED A BRIEF GUIDE TO THE STANDARD OBJECT MODELING LANGUAGE 2ND ED _hTextual Documents |
||
| 250 | _a01-01-2005 | ||
| 260 | _bPEARSON EDUCATION, DELHI | ||
| 300 |
_aXXI/185 _c24 X 18 |
||
| 500 | _a9866 | ||
| 653 | _aOBJECT ORIENTED PROG. METHODOLOGY (S.E.) | ||
| 930 | _a9409 | ||
| 999 |
_c52634 _d52634 |
||